Creando organizaciones para el futuro

Na minha lista:
Detalhes bibliográficos
Autor principal: Flores, Fernando (Autor)
Formato: Livro
Idioma:espanhol
Publicado em: Santiago Dolmen 1995
Edição:2a. ed
coleção:Dolmen Economía y Gestión
Assuntos:
Tags: Adicionar Tag
Sem tags, seja o primeiro a adicionar uma tag!

MARC

LEADER 00000nam a2200000 a 4500
001 UCR9325
003 CL-VaPUC
008 980613e19950000CL |||||||||||||||||spa|d
082 0 4 |a 658.1  |b FLO  |2 21 
100 0 |a Flores, Fernando  |e author  |9 411736 
245 1 0 |a Creando organizaciones para el futuro 
250 |a 2a. ed 
300 |a 194 p 
942 |c BK 
945 |d 19980613 00:00:00  |a crobeson 
260 |a Santiago  |b Dolmen  |c 1995 
650 0 |a Organización  |9 256369 
650 0 |a Organización industrial   |9 260511 
650 0 |a Ciencias administrativas  |9 337994 
650 0 |a Sociología   |9 255410 
650 0 |a Empresa  |9 350507 
650 0 |a Negocios  |9 262468 
650 7 |a PODER  |2 CL-VaPUC  |9 411737 
583 |a last modification  |c 19980613 00:00:00  |k Rodrigo Vera 
490 0 |a Dolmen Economía y Gestión 
999 |c 270524  |d 270522 
952 |0 0  |1 0  |4 0  |6 658_100000000000000_FLO_1995  |7 0  |8 R  |9 304843  |a BIBGIM  |b BIBGIM  |d 2019-11-20  |i 3248100  |o 658.1 FLO 1995  |p 3248100  |r 2025-01-15  |w 2019-11-20  |y BK_R  |k SSL